000 00295nam a22001337a 4500
008 170608b xxu||||| |||| 00| 0 eng d
020 _a0813007852
041 _aeng
080 _a32
100 _a18
101 _aSHP
245 _aFRONTIER EXPANSION IN AMAZONA
_cSCHMINK, M
942 _2udc
_cBK
999 _c16549
_d16549